000 01536cam a2200397 i 4500
001 000003301
003 DO-SdBNP
005 20231004085114.0
007 ta
008 090707s2006 dr 001 0 spa d
020 _a9945415093
040 _aDO-SdBNP
_bspa
_cBNPHU
_erda
049 _aBNPD
082 4 _a338.9
_bD449m
_222
245 0 0 _aDesde los márgenes de la sociedad :
_bremesas, subsidios y trabajo infantil /
_cCarmen Julia gómez Carrasco, Rita Mena Peguero, Marina Ortiz, José Miguel Santos, Mario Serrano, Edgar A. Victoria Yeb
264 _aSanto Domingo :
_bFundación Friedrich Ebert :
_b Pontificia Universidad Católica Madre y Maestra,
_c2006.
300 _a172 p.áginas :
_bilustraciones ;
_c22 cm.
336 _2rdacontent
_atexto
_btxt
337 _2rdamedia
_asin mediación
_bn
338 _2rdacarrier
_avolumen
_bnc
490 _aForo Políticas Sociales y Bienestar
_v5
500 _aIncluye índice
500 _aIncluye referencias bibliográficas y notas al pie de las páginas
590 _aInventariado, 2023/BT
650 4 _aRemesas
_zRepública Dominicana
_910381
650 4 _aTrabajo infantil
_zRepública Dominicana
_98549
651 4 _aRepública Dominicana
_xCondiciones económicas
_9281
700 1 _aMena Peguero, Rita
_910382
700 1 _aGómez Carrasco, Carmen Julia
_98553
700 1 _aOrtiz, Marina
_910383
700 1 _aSantos, José Miguel
_910384
700 1 _aSerrano, Mario
_910385
700 1 _aVictora Yeb, Edgar A.
_910386
910 _aBtavárez
942 _2ddc
_cLBS1
999 _c3132
_d3132